| 000 | 00328nam a2200109Ia 4500 | ||
|---|---|---|---|
| 008 | 200302s9999 xx 000 0 und d | ||
| 100 | _aCharles Nelson | ||
| 245 | _aManaging Quallity In Architecture: A Handbook For Creators Of The Build Environment | ||
| 260 | _bElesevier Butterworth-Heinemann | ||
| 260 | _c2006 | ||
| 300 | _a318 P | ||
| 999 |
_c4760 _d4760 |
||